000 01194nam a2200229Ia 4500
001 L235-7496
003 IT-CnALBA
008 170116s9999||||xx |||||||||||||| ||und||
040 _aIT-CnALBA
_cIT-CnALBA
041 _aITALIANO
100 _aBARACCO LINO
245 0 _aMARIA NOSTRA MADRE COMUNE.
250 _a1a ed.
260 _a CAVALLERMAGGIORE
_bGRIBAUDO EDIZIONI
_c1987 [1° Ed.:1987 - Ed.Ling.Originale: 1987]
300 _a150 p. (prefazione: 13)
500 _aCENTO TESTI E PREGHIERE DI PROTESTANTI, ANGLICANI, ORTODOSSI E CATTOLICI SULLA MADONNA. MADRE DI DIO. IMMACOLATA. ANNUNZIAZIONE. INCARNAZIONE. MEDIATRICE. MARIA EUCARESTIA CHIESA. MARIA E I MUSULMANI. GLI ORTODOSSI GLI ANGLICANI E I PROTESTANTI.
501 _aSocietà San Paolo EM - Piazza San Paolo, 14 - 12051 ALBA (CN) (non commercial uses only) ® Copyright 2017
520 _aCENTO TESTI E PREGHIERE DI PROTESTANTI, ANGLICANI, ORTODOSSI E CATTOLICI SULLA MADONNA. MADRE DI DIO. IMMACOLATA. ANNUNZIAZIONE. INCARNAZIONE. MEDIATRICE. MARIA EUCARESTIA CHIESA. MARIA E I MUSULMANI. GLI ORTODOSSI GLI ANGLICANI E I PROTESTANTI.
650 _aMARIA SS. ANGELI SANTI DEMONI
942 _cBK
957 _71
999 _a8472
_bNO
_g Copie: 1
_c266678
_d266678